logo

Bir Sreshtho Munshi Abdur Rouf Library
Jhenaidah Cadet College

মেঘনাদবধ কাব্য / (Record no. 10624)

MARC details
000 -LEADER
fixed length control field 00742nam a2200229 a 4500
001 - CONTROL NUMBER
JCCL Control Number 10624
003 - CONTROL NUMBER IDENTIFIER
JCCL marc code BD-JhCC
005 - DATE AND TIME OF LATEST TRANSACTION
control field 20180730093614.0
008 - FIXED-LENGTH DATA ELEMENTS--GENERAL INFORMATION
fixed length control field 180730s2017 bg |||| |||| 000 0 ben d
020 ## - INTERNATIONAL STANDARD BOOK NUMBER
International Standard Book Number 9848260889
035 ## - SYSTEM CONTROL NUMBER
system control number (BD-JhCC)10624
040 ## - CATALOGING SOURCE
Original cataloging agency BD-JhCC
Modifying agency BD-JhCC
041 ## - LANGUAGE CODE
Language code of Book ben
082 ## - DEWEY DECIMAL CLASSIFICATION NUMBER
Classification number 891.4409
Author mark and Year DAT 2017
100 ## - MAIN ENTRY--PERSONAL NAME
Personal name দত্ত, মাইকেল মধুসূধন
245 ## - TITLE STATEMENT
Title মেঘনাদবধ কাব্য /
Statement of responsibility, etc মাইকেল মধুসূধন দত্ত
260 ## - PUBLICATION, DISTRIBUTION, ETC. (IMPRINT)
Place of publication, distribution, etc ঢাকা :
Name of publisher, distributor, etc দি স্কাই পাবলিশার্স,
Date of publication, distribution, etc ২০১৭
300 ## - PHYSICAL DESCRIPTION
Pagination ২০২ পৃ. :
Dimensions ২২ সে.মি.
650 ## - SUBJECT ADDED ENTRY--TOPICAL TERM
Topical term or geographic name as entry element Bengali Epic
942 ## - ADDED ENTRY ELEMENTS (KOHA)
Source of classification or shelving scheme Dewey Decimal Classification
Koha item type Books
Holdings
Source of classification or shelving scheme Damaged status Not for loan Home library Current library Shelving location Date of accession Cost, normal purchase price Total Checkouts Full call number Barcode Date last seen Copy number Koha item type
Dewey Decimal Classification     JCC Rouf Library JCC Rouf Library General Stacks 07/30/2018 200.00   891.4409 DAT 2017 14342 07/30/2018 C-1 Books

JCC Library | Contacts | JCC Home

Last Update on 23 September 2017
Copyright @ 2017-2020 JCC Rouf Library
Rouf Library, Jhenidah Cadet College (JCC), Bangladesh